000
00320nam a2200109Ia 4500
008
200302s9999 xx 000 0 und d
100
_a
Michael Bayer and Others
245
_a
Becoming an Urban Planner A Guide to Careers in Planning and Urban Design
260
_b
John- Wiley & Sons, Inc.,
260
_c
2010
300
_a
320
999
_c
5352
_d
5352